[Event "Mittelrhein Verbandsliga-N 18/19"]
[Site "Nordrheinwestfalen"]
[Date "2019.05.05"]
[Round "10.1"]
[White "Bosbach, Stefan"]
[Black "Lunnebach, Oliver"]
[Result "1/2-1/2"]
[WhiteElo "2086"]
[BlackElo "2117"]
[PlyCount "61"]
[EventDate "2018.09.02"]
[EventType "team-tourn"]
[EventRounds "12"]
[EventCountry "GER"]
[SourceTitle "EXT 2022"]
[Source "ChessBase"]
[SourceDate "2021.10.06"]
[SourceVersion "1"]
[SourceVersionDate "2021.10.06"]
[SourceQuality "1"]
[WhiteTeam "Bergische SF"]
[BlackTeam "Kalker/Deutzer SG"]
[WhiteTeamCountry "GER"]
[BlackTeamCountry "GER"]

1. e4 c5 2. Nf3 e6 3. Nc3 Nc6 4. g3 a6 5. Bg2 d6 6. 0-0 Nf6 7. d4 cxd4 8. Nxd4 Bd7 9. a4 Be7 10. Nxc6 Bxc6 11. Be3 0-0 12. h3 Qd7 13. g4 Rfc8 14. g5 Ne8 15. Qd2 b5 16. axb5 axb5 17. Rxa8 Rxa8 18. Rd1 Qb7 19. f3 Nc7 20. Ne2 Ra2 21. Nd4 Be8 22. Qc3 Bf8 23. f4 d5 24. Qb3 Qa8 25. exd5 exd5 26. Ne2 Ra1 27. Rxa1 Qxa1+ 28. Kf2 Qa8 29. Bb6 Bc6 30. Nd4 Ne6 31. Nxe6 1/2-1/2

[Event "Mittelrhein Verbandsliga-N 18/19"]
[Site "Nordrheinwestfalen"]
[Date "2018.10.28"]
[Round "3.1"]
[White "Wimmer, Juergen"]
[Black "Lunnebach, Oliver"]
[Result "1/2-1/2"]
[WhiteElo "2236"]
[BlackElo "2117"]
[PlyCount "98"]
[EventDate "2018.09.02"]
[EventType "team-tourn"]
[EventRounds "12"]
[EventCountry "GER"]
[SourceTitle "EXT 2022"]
[Source "ChessBase"]
[SourceDate "2021.10.06"]
[SourceVersion "1"]
[SourceVersionDate "2021.10.06"]
[SourceQuality "1"]
[WhiteTeam "Dormagen SV"]
[BlackTeam "Kalker/Deutzer SG"]
[WhiteTeamCountry "GER"]
[BlackTeamCountry "GER"]

1. c4 c5 2. Nf3 Nf6 3. d4 cxd4 4. Nxd4 Nc6 5. Nc3 Qb6 6. Nb3 g6 7. g3 Bg7 8. c5 Qd8 9. Bg2 0-0 10. 0-0 b6 11. e4 Rb8 12. Bf4 e5 13. Be3 Ba6 14. Re1 Re8 15. Nd5 Ne7 16. Nxf6+ Bxf6 17. Qd6 Nc6 18. Red1 Rb7 19. Rac1 Be7 20. Qd2 Qb8 21. Bh3 Rd8 22. Kg2 Bb5 23. Bg5 Ba4 24. Bxe7 Nxe7 25. Qg5 Nc6 26. cxb6 axb6 27. Rd5 d6 28. Rd3 Nb4 29. Rdc3 Bd7 30. Bxd7 Rbxd7 31. Ra1 d5 32. a3 Na6 33. exd5 Rxd5 34. Re1 Qb7 35. Kg1 Nb8 36. Qc1 Qd7 37. Kg2 Kg7 38. h4 h5 39. Qe3 Qd6 40. Rec1 Qe6 41. Na1 R5d6 42. b4 Nd7 43. Re1 Re8 44. Rd3 Rc6 45. Qd2 Nf6 46. Nc2 Qc8 47. Ne3 Qb7 48. Kg1 Ne4 49. Qb2 Rd6 1/2-1/2

[Event "Mittelrhein Verbandsliga-N 17/18"]
[Site "Nordrheinwestfalen"]
[Date "2018.02.25"]
[Round "8.1"]
[White "Lunnebach, Oliver"]
[Black "Bosbach, Stefan"]
[Result "1/2-1/2"]
[WhiteElo "2086"]
[BlackElo "2087"]
[PlyCount "32"]
[EventDate "2017.09.10"]
[EventType "team-swiss"]
[EventRounds "11"]
[EventCountry "GER"]
[SourceTitle "EXT 2022"]
[Source "ChessBase"]
[SourceDate "2021.10.06"]
[SourceVersion "1"]
[SourceVersionDate "2021.10.06"]
[SourceQuality "1"]
[WhiteTeam "Kalker/Deutzer SG"]
[BlackTeam "Bergische SF"]
[WhiteTeamCountry "GER"]
[BlackTeamCountry "GER"]

1. d4 Nf6 2. Nf3 g6 3. c4 Bg7 4. Nc3 0-0 5. g3 d5 6. cxd5 Nxd5 7. Bg2 c5 8. Qb3 Nxc3 9. bxc3 Nc6 10. dxc5 Qa5 11. Bb2 Qxc5 12. Nd2 Na5 13. Qc2 Nc4 14. Nxc4 Qxc4 15. 0-0 Bf5 16. e4 Bd7 1/2-1/2

[Event "GER-chT Betriebe 17th"]
[Site "Berlin"]
[Date "2017.11.02"]
[Round "1.3"]
[White "Leveikina, Jevgenija"]
[Black "Lunnebach, Oliver"]
[Result "1/2-1/2"]
[WhiteElo "2099"]
[BlackElo "2086"]
[PlyCount "154"]
[EventDate "2017.11.02"]
[EventType "team-swiss"]
[EventRounds "7"]
[EventCountry "GER"]
[SourceTitle "EXT 2020"]
[Source "ChessBase"]
[SourceDate "2019.10.17"]
[SourceVersion "1"]
[SourceVersionDate "2019.10.17"]
[SourceQuality "1"]
[WhiteTeam "Herne Wanne Eickel EKJ"]
[BlackTeam "Bonn Deutsche Post"]
[WhiteTeamCountry "GER"]
[BlackTeamCountry "GER"]

1. d4 Nf6 2. Nf3 e6 3. Bg5 Be7 4. e3 b6 5. Bd3 Bb7 6. Nbd2 c5 7. c3 d6 8. 0-0 Nbd7 9. e4 h6 10. Bh4 Nh5 11. Bxe7 Qxe7 12. e5 Nf4 13. exd6 Qxd6 14. Be4 Bxe4 15. Nxe4 Qc6 16. Re1 0-0 17. Qd2 Ng6 18. Rad1 Rfd8 19. Qe3 c4 20. h4 Qd5 21. g3 Ngf8 22. Qf4 Ng6 23. Qe3 Rf8 24. Qe2 b5 25. Rb1 Rad8 26. b3 e5 27. h5 Ne7 28. bxc4 bxc4 29. Ned2 exd4 30. Qxe7 dxc3 31. Qe4 Qxh5 32. Nxc4 Nf6 33. Qe2 Rfe8 34. Nfe5 Qf5 35. Rbc1 Nd5 36. Qf3 Qe6 37. Nd3 Qd7 38. Rxe8+ Rxe8 39. Kg2 f6 40. Nf4 Nxf4+ 41. gxf4 Rc8 42. Ne3 Rc5 43. Qa8+ Kh7 44. Qe4+ f5 45. Qf3 Qf7 46. Rc2 Qg6+ 47. Qg3 Qc6+ 48. Qf3 Qg6+ 49. Kh2 Qf6 50. Ng2 a5 51. Qe2 Qc6 52. Ne1 Rc4 53. Qf3 Qa4 54. Rxc3 Rxf4 55. Qe2 Qd4 56. Re3 Rh4+ 57. Kg1 Qf6 58. Qf1 Qc6 59. Qg2 Rg4 60. Rg3 Qc1 61. Qf1 Rd4 62. Nd3 Qc2 63. Qa1 Qc4 64. Qb1 Qc7 65. Qb2 Qd7 66. Qe2 g6 67. Ne5 Rd1+ 68. Kh2 Qd6 69. Nxg6 Ra1 70. Qb5 Rd1 71. Qe2 Ra1 72. Qe8 Qf6 73. Qd7+ Kg8 74. Qd5+ Kh7 75. Qd7+ Kg8 76. Qd5+ Kh7 77. Qd7+ Kg8 1/2-1/2

[Event "Mittelrhein Verbandsliga-N 17/18"]
[Site "Nordrheinwestfalen"]
[Date "2017.10.22"]
[Round "3.1"]
[White "Lunnebach, Oliver"]
[Black "Keller, Karsten"]
[Result "0-1"]
[WhiteElo "2086"]
[BlackElo "2130"]
[PlyCount "54"]
[EventDate "2017.09.10"]
[EventType "team-swiss"]
[EventRounds "11"]
[EventCountry "GER"]
[SourceTitle "EXT 2022"]
[Source "ChessBase"]
[SourceDate "2021.10.06"]
[SourceVersion "1"]
[SourceVersionDate "2021.10.06"]
[SourceQuality "1"]
[WhiteTeam "Kalker/Deutzer SG"]
[BlackTeam "Langenfeld II"]
[WhiteTeamCountry "GER"]
[BlackTeamCountry "GER"]

1. d4 Nf6 2. Nf3 c5 3. c4 cxd4 4. Nxd4 Nc6 5. Nc3 Qb6 6. Nc2 e6 7. e3 Be7 8. Be2 0-0 9. 0-0 d5 10. cxd5 Nxd5 11. Nxd5 exd5 12. Qxd5 Rd8 13. Qb5 Bf6 14. Na3 Be6 15. Nb1 Qc7 16. Nc3 a6 17. Qc5 Be5 18. f4 b6 19. Qa3 Bd6 20. Qa4 Nb4 21. Bd2 Bc5 22. Ne4 b5 23. Qa3 Rxd2 24. Nxd2 Nc2 25. Qc3 Bxe3+ 26. Kh1 Qxc3 27. bxc3 Nxa1 0-1

[Event "Mittelrhein Verbandsliga-M 15/16"]
[Site "Nordrheinwestfalen"]
[Date "2016.01.10"]
[Round "6.1"]
[White "Lunnebach, Oliver"]
[Black "Bosbach, Stefan"]
[Result "1/2-1/2"]
[WhiteElo "2120"]
[BlackElo "2096"]
[PlyCount "81"]
[EventDate "2015.09.06"]
[EventType "team-tourn"]
[EventRounds "11"]
[EventCountry "GER"]
[SourceTitle "EXT 2022"]
[Source "ChessBase"]
[SourceDate "2021.10.06"]
[SourceVersion "1"]
[SourceVersionDate "2021.10.06"]
[SourceQuality "1"]
[WhiteTeam "Kalker/Deutzer SG"]
[BlackTeam "Bergische SF"]
[WhiteTeamCountry "GER"]
[BlackTeamCountry "GER"]

1. d4 c5 2. e4 cxd4 3. Nf3 e5 4. c3 Nc6 5. cxd4 exd4 6. Bc4 Bb4+ 7. Bd2 Qe7 8. 0-0 Nf6 9. e5 Ne4 10. Bxb4 Qxb4 11. Qc2 f5 12. exf6 Nxf6 13. Re1+ Kd8 14. a3 Qa5 15. Nbd2 d5 16. Bd3 Bg4 17. b4 Qb6 18. Ng5 Rf8 19. Bf5 d3 20. Qxd3 Bxf5 21. Qxf5 Nd4 22. Qd3 Kd7 23. Rac1 Rae8 24. Ndf3 Nxf3+ 25. Nxf3 Rxe1+ 26. Rxe1 Re8 27. Qf5+ Kd8 28. Rc1 Qe6 29. Qf4 Qb6 30. h3 Kd7 31. Qg5 Re7 32. Nh4 g6 33. Nf3 Qd6 34. Qd2 Re4 35. Ng5 Rc4 36. Re1 Qf4 37. Re3 Rd4 38. Qc1 Rc4 39. Qd2 Rd4 40. Qc1 Rc4 41. Qd2 1/2-1/2

[Event "Mittelrhein Verbandsliga-M 15/16"]
[Site "Nordrheinwestfalen"]
[Date "2015.09.27"]
[Round "2.1"]
[White "Wieferig, Wolfgang"]
[Black "Lunnebach, Oliver"]
[Result "1-0"]
[WhiteElo "2218"]
[BlackElo "2120"]
[PlyCount "75"]
[EventDate "2015.09.06"]
[EventType "team-tourn"]
[EventRounds "11"]
[EventCountry "GER"]
[SourceTitle "EXT 2022"]
[Source "ChessBase"]
[SourceDate "2021.10.06"]
[SourceVersion "1"]
[SourceVersionDate "2021.10.06"]
[SourceQuality "1"]
[WhiteTeam "Eikamp Freibauer"]
[BlackTeam "Kalker/Deutzer SG"]
[WhiteTeamCountry "GER"]
[BlackTeamCountry "GER"]

1. e4 c6 2. d4 d5 3. exd5 cxd5 4. c4 Nf6 5. Nc3 Nc6 6. Nf3 Bg4 7. cxd5 Nxd5 8. Qb3 Bxf3 9. gxf3 e6 10. Qxb7 Nxd4 11. Bb5+ Nxb5 12. Qc6+ Ke7 13. Qxb5 Qd7 14. Nxd5+ Qxd5 15. Qxd5 exd5 16. Be3 Ke6 17. 0-0-0 Bb4 18. Bd4 Rhc8+ 19. Kb1 f6 20. Rhg1 Bf8 21. Rge1+ Kf5 22. Be3 Rd8 23. Rd4 Rd7 24. Rf4+ Kg6 25. h4 Rc8 26. h5+ Kf7 27. Ra4 Rcc7 28. f4 Bc5 29. f5 d4 30. Bf4 Rb7 31. h6 Rd5 32. hxg7 Rxf5 33. Bh6 Rb8 34. Ra5 Rh5 35. Bf4 Rb7 36. Rc1 Bd6 37. Rxh5 Bxf4 38. Rxh7 1-0